5HLuxD.jpg

KING HENRY VIII SENIOR AND PRIMARY SCHOOL LIBRARY OPAC

REPTILE (Record no. 6056)

000 -LEADER
fixed length control field 00704nam a22002177a 4500
005 - DATE AND TIME OF LATEST TRANSACTION
control field 20260130102429.0
008 - FIXED-LENGTH DATA ELEMENTS--GENERAL INFORMATION
fixed length control field 260130b ||||| |||| 00| 0 eng d
020 ## - INTERNATIONAL STANDARD BOOK NUMBER
International Standard Book Number 9780241631676
040 ## - CATALOGING SOURCE
Transcribing agency KH8
082 ## - DEWEY DECIMAL CLASSIFICATION NUMBER
Classification number 597.9
100 ## - MAIN ENTRY--PERSONAL NAME
Personal name DK
Relator term AUTHOR
245 ## - TITLE STATEMENT
Title REPTILE
260 ## - PUBLICATION, DISTRIBUTION, ETC.
Place of publication, distribution, etc. One Embassy Gardens,8 Viaduct Gardens,London SW11 7BW
Name of publisher, distributor, etc. Penguin Random House
Date of publication, distribution, etc. 2023
300 ## - PHYSICAL DESCRIPTION
Extent 72 pages
Other physical details colour illustration
Dimensions 22cm x 29cm
520 ## - SUMMARY, ETC.
Summary, etc. Uncover the lives of lizards, the tactics of tortoises, and the secrets of snakes as you dive into the world of reptiles.-Library Thing-
650 ## - SUBJECT ADDED ENTRY--TOPICAL TERM
Topical term or geographic name entry element Juvenile Non Fiction
655 ## - INDEX TERM--GENRE/FORM
Genre/form data or focus term Science
655 ## - INDEX TERM--GENRE/FORM
Genre/form data or focus term Reptiles
655 ## - INDEX TERM--GENRE/FORM
Genre/form data or focus term Zoology
942 ## - ADDED ENTRY ELEMENTS (KOHA)
Source of classification or shelving scheme
Koha item type Books - Non Ficton
Holdings
Withdrawn status Lost status Source of classification or shelving scheme Damaged status Not for loan Collection code Permanent Location Current Location Shelving location Date acquired Total Checkouts Full call number Barcode Date last seen Date last checked out Price effective from Koha item type Public note
          Non-Fiction KH8 Primary School Library KH8 Primary School Library Non Fiction 2026-01-30 2 597.9 DK KHPL000008272 2026-04-14 2026-04-07 2026-01-30 Books - Non Ficton PRIMARY LIBRARY

Powered By KH8 IT Dept